[Event "A tournament for new players only"]
[Site "SchemingMind.com"]
[Date "2004.07.25"]
[Round "-"]
[White "alejandro83"]
[Black "fretless"]
[Result "0-1"]
[WhiteCountry "ARG"]
[BlackCountry "NOR"]
[WhiteElo "1580"]
[WhiteRD "81"]
[BlackElo "1915"]
[BlackRD "108"]
[GameID "3056"]

1. e4 c5 2. Nf3 d6 3. d4 cxd4 4. Nxd4 Nf6 5. Nc3 g6 6. f3 Bg7 7. Be3 O-O 8. Qd2 Nc6 9. g4 Nd7 10. O-O-O Nb6
11. h4 Ne5 12. Qf2 Nbc4 13. Bxc4 Nxc4 14. Rdg1 Qb6 15. Nf5 Qxb2+ 16. Kd1 Bxf5 17. gxf5 Qxc3 18. h5 Nxe3+ 19. Kc1 Rac8 20. hxg6 Qxc2+
0-1

[Event "A tournament for new players only"]
[Site "SchemingMind.com"]
[Date "2004.07.25"]
[Round "-"]
[White "alejandro83"]
[Black "lea_dc"]
[Result "1-0"]
[WhiteCountry "ARG"]
[BlackCountry "ARG"]
[WhiteElo "1580"]
[WhiteRD "81"]
[BlackElo "1553"]
[BlackRD "129"]
[GameID "3057"]

1. d4 d5 2. c4 e6 3. Nc3 Nf6 4. Bg5 Nbd7 5. e3 Be7 6. Nf3 O-O 7. Rc1 c6 8. Bd3 dxc4 9. Bxc4 Nb6 10. Bd3 h6
11. Bh4 Nbd5 12. O-O b6 13. e4 Nf4 14. Bb1 Ng6 15. Bg3 Bb7 16. Qe2 Nh5 17. e5 Nxg3 18. fxg3 Re8 19. Ne4 Bf8 20. Nf6+ gxf6
21. Bxg6 fxg6 22. Nh4 Qxd4+ 23. Kh1 g5 24. exf6 Kf7 25. Qh5+
1-0

[Event "A tournament for new players only"]
[Site "SchemingMind.com"]
[Date "2004.07.25"]
[Round "-"]
[White "alejandro83"]
[Black "willygor"]
[Result "0-1"]
[WhiteCountry "ARG"]
[BlackCountry "ARG"]
[WhiteElo "1580"]
[WhiteRD "81"]
[BlackElo "1629"]
[BlackRD "151"]
[GameID "3058"]

1. d4 d5 2. c4 Nf6 3. Nc3 e6 4. Bg5 Be7 5. Nf3 O-O 6. e3 Nbd7 7. Rc1 c6 8. Bd3 h6 9. Bh4 Nb6 10. cxd5 Nbxd5
11. O-O Nh7 12. Bxe7 Qxe7 13. Ne5 Nhf6 14. e4 Nc7 15. f4 Rd8 16. f5 Rxd4 17. fxe6 Bxe6 18. Ne2 Rdd8 19. Nf4 Bxa2 20. b3 Qxe5
0-1

[Event "A tournament for new players only"]
[Site "SchemingMind.com"]
[Date "2004.07.28"]
[Round "-"]
[White "Gary"]
[Black "alejandro83"]
[Result "1/2-1/2"]
[WhiteCountry "ENG"]
[BlackCountry "ARG"]
[WhiteElo "1634"]
[WhiteRD "62"]
[BlackElo "1613"]
[BlackRD "80"]
[GameID "3059"]

1. c4 Nf6 2. Nc3 e6 3. g3 d5 4. cxd5 exd5 5. d4 Bb4 6. Bg2 c6 7. Nf3 O-O 8. O-O Nbd7 9. Bf4 Re8 10. a3 Ba5
11. b4 Bc7 12. Bxc7 Qxc7 13. Rc1 Nf8 14. h3 Ng6 15. Re1 Be6 16. Ng5 Rac8 17. e4 dxe4 18. Nxe6 Rxe6 19. Nxe4 Nxe4 20. Rxe4 Rce8
21. Qc2 Qd6 22. Rxe6 Rxe6 23. Qc5=
1/2-1/2

[Event "A tournament for new players only"]
[Site "SchemingMind.com"]
[Date "2004.07.26"]
[Round "-"]
[White "squadri"]
[Black "alejandro83"]
[Result "1-0"]
[WhiteCountry "ARG"]
[BlackCountry "ARG"]
[WhiteElo "1931"]
[WhiteRD "99"]
[BlackElo "1613"]
[BlackRD "80"]
[GameID "3060"]

1. c4 Nf6 2. d4 e6 3. Nc3 Bb4 4. Qc2 c5 5. dxc5 Nc6 6. Nf3 O-O 7. Bg5 Bxc5 8. Rd1 h6 9. Bh4 Be7 10. e4 b6
11. Be2 Bb7 12. O-O Qc7 13. Rfe1 Rad8 14. a3 Rfe8 15. b4 Ne5 16. Nxe5 Qxe5 17. Bg3 Qg5 18. f4 Qg6 19. Bd3 Nh5 20. e5 Qg4
21. Be2 Qg6 22. Qxg6 fxg6 23. Bxh5 gxh5 24. Ne4 Bxe4 25. Rxe4 g6 26. Red4 Kg7 27. Rxd7 Rxd7 28. Rxd7 a5 29. bxa5 bxa5 30. Ra7 Kf8
31. Rxa5 Rc8 32. Ra4 Rc7 33. Be1 Kf7 34. Bb4 Rxc4 35. Ra7 Rc1+ 36. Kf2 Rc2+ 37. Kf3
1-0

[Event "A tournament for new players only"]
[Site "SchemingMind.com"]
[Date "2004.08.15"]
[Round "-"]
[White "arifattar"]
[Black "alejandro83"]
[Result "0-1"]
[WhiteCountry "IND"]
[BlackCountry "ARG"]
[WhiteElo "1377"]
[WhiteRD "121"]
[BlackElo "1601"]
[BlackRD "80"]
[GameID "3061"]

1. e4 e5 2. Qh5 Nc6 3. f4 Nf6 4. Qh4 exf4 5. Nf3 Be7 6. Bc4 O-O 7. O-O Nxe4 8. Qxf4 d5 9. Bb3 Be6 10. d3 Bd6
11. Qe3 Bc5 12. dxe4 Bxe3+ 13. Bxe3 dxe4 14. Ng5 Bxb3 15. axb3 h6 16. Nxe4 Re8 17. Nbc3 Qh4 18. Rf4 Qh5 19. Bd2 Rad8 20. Re1 Nd4
21. Ng3 Qc5 22. Be3 Rxe3 23. Rxe3 Nxc2
0-1

[Event "A tournament for new players only"]
[Site "SchemingMind.com"]
[Date "2004.07.25"]
[Round "-"]
[White "fretless"]
[Black "alejandro83"]
[Result "1-0"]
[WhiteCountry "NOR"]
[BlackCountry "ARG"]
[WhiteElo "1823"]
[WhiteRD "134"]
[BlackElo "1592"]
[BlackRD "99"]
[GameID "3062"]

1. e4 e5 2. Nf3 Nc6 3. Bb5 Bc5 4. O-O f5 5. exf5 Nf6 6. Re1 O-O 7. Nxe5 Nxe5 8. Rxe5 Bd4 9. Re1 c6 10. Ba4 d5
11. c3 Bb6 12. Bc2 Qd6 13. d4 Bc7 14. g3 Bd7 15. Bf4
1-0

[Event "A tournament for new players only"]
[Site "SchemingMind.com"]
[Date "2004.07.26"]
[Round "-"]
[White "lea_dc"]
[Black "alejandro83"]
[Result "1-0"]
[WhiteCountry "ARG"]
[BlackCountry "ARG"]
[WhiteElo "1553"]
[WhiteRD "129"]
[BlackElo "1580"]
[BlackRD "81"]
[GameID "3063"]

1. e4 c5 2. Nf3 d6 3. d4 cxd4 4. Nxd4 Nf6 5. Nc3 e6 6. Be2 a6 7. O-O Be7 8. Bg5 O-O 9. f4 Nbd7 10. Kh1 b5
11. Nc6 Qe8 12. Bd3 Bb7 13. Nxe7+ Qxe7 14. Qe2 Rac8 15. e5 dxe5 16. fxe5 Qc5 17. Bxf6 gxf6 18. exf6 Ne5 19. Qh5 Ng6 20. Qh6
1-0

[Event "A tournament for new players only"]
[Site "SchemingMind.com"]
[Date "2004.07.25"]
[Round "-"]
[White "willygor"]
[Black "alejandro83"]
[Result "1/2-1/2"]
[WhiteCountry "ARG"]
[BlackCountry "ARG"]
[WhiteElo "1629"]
[WhiteRD "151"]
[BlackElo "1580"]
[BlackRD "81"]
[GameID "3064"]

1. e4 e5 2. Nf3 Nc6 3. Bb5 Bc5 4. Bxc6 dxc6 5. d3 Nf6 6. Bg5 O-O 7. Nc3 Bg4 8. h3 Bh5 9. g4 Bg6 10. Nxe5 Qd4
11. Be3 Qxe5 12. d4 Qe7 13. dxc5 Nxe4 14. O-O Nxc5 15. Qf3 Ne6 16. Rac1 Qh4 17. Ne2 f5 18. Qg3 Qxg3+ 19. fxg3 fxg4 20. hxg4 Rae8
21. Nc3 b6 22. Kg2 Nd8 23. Bf4= Ne6 24. Be3=
1/2-1/2

[Event "A tournament for new players only"]
[Site "SchemingMind.com"]
[Date "2004.07.25"]
[Round "-"]
[White "AdamMorris"]
[Black "Gary"]
[Result "1/2-1/2"]
[WhiteCountry "ENG"]
[BlackCountry "ENG"]
[WhiteElo "1343"]
[WhiteRD "109"]
[BlackElo "1606"]
[BlackRD "61"]
[GameID "3066"]

1. e4 c5 2. d3 Nc6 3. Nc3 Nf6 4. Nf3 d6 5. Bg5 e6 6. Be2 Be7 7. O-O O-O 8. d4 cxd4 9. Nxd4 Bd7 10. Ndb5 Ne8
11. Bf4 e5 12. Be3 a6 13. Na3 Nf6 14. Nd5 Nxe4 15. Bd3 Nf6 16. Nb6 Rb8 17. Qf3 Bg4 18. Qg3 d5 19. h3 Be6 20. Na4 d4
21. Bh6 Nh5 22. Qf3 Nf6 23. Qg3 Nh5 24. Qf3 Nf6=
1/2-1/2

[Event "A tournament for new players only"]
[Site "SchemingMind.com"]
[Date "2004.07.25"]
[Round "-"]
[White "AdamMorris"]
[Black "alejandro83"]
[Result "0-1"]
[WhiteCountry "ENG"]
[BlackCountry "ARG"]
[WhiteElo "1167"]
[WhiteRD "131"]
[BlackElo "1580"]
[BlackRD "81"]
[GameID "3067"]

1. e4 e5 2. Nf3 Nc6 3. Bb5 a6 4. Bxc6 dxc6 5. Qe2 Bd6 6. h3 Nf6 7. b3 O-O 8. d4 exd4 9. Nxd4 Re8 10. Nc3 Bb4
11. Qd3 Bxc3+ 12. Qxc3 Nxe4 13. Qb4 c5 14. Qa3 Qxd4 15. Bb2 Qd2+ 16. Kf1 Qxf2#
0-1

[Event "A tournament for new players only"]
[Site "SchemingMind.com"]
[Date "2004.07.25"]
[Round "-"]
[White "AdamMorris"]
[Black "squadri"]
[Result "0-1"]
[WhiteCountry "ENG"]
[BlackCountry "ARG"]
[WhiteElo "1343"]
[WhiteRD "109"]
[BlackElo "1921"]
[BlackRD "108"]
[GameID "3068"]

1. e4 e5 2. Nf3 Nc6 3. Bb5 a6 4. Bxc6 dxc6 5. O-O Bg4 6. h3 h5 7. d4 Bxf3 8. Qxf3 exd4 9. e5 Qd5 10. Qxd5 cxd5
11. a3 Ne7 12. Re1 Nc6 13. Bg5 Be7 14. Bxe7 Kxe7 15. c3 Rhe8 16. Nd2 dxc3 17. bxc3 Kf8 18. Nf3 Rad8 19. Re2 Rd7 20. Rae1 Rde7
21. Kh2 f6 22. e6 Nd8 23. Nh4 Rxe6 24. Rxe6 Rxe6 25. Rc1 Nc6 26. c4 d4 27. Rb1 b6 28. Ng6+ Kf7 29. Nf4 Rd6 30. Nxh5 Ne5
31. Nf4 Nxc4 32. Rc1 b5 33. a4 d3 34. axb5 axb5 35. Kg3 d2 36. Rd1 Nb2 37. Rxd2 Rxd2 38. f3 b4
0-1

[Event "A tournament for new players only"]
[Site "SchemingMind.com"]
[Date "2004.07.25"]
[Round "-"]
[White "AdamMorris"]
[Black "arifattar"]
[Result "0-1"]
[WhiteCountry "ENG"]
[BlackCountry "IND"]
[WhiteElo "1167"]
[WhiteRD "131"]
[BlackElo "1560"]
[BlackRD "175"]
[GameID "3069"]

1. e4 Nf6 2. d3 e5 3. Nf3 d6 4. d4 g6 5. dxe5 Nxe4 6. Qe2 d5 7. c4 Bg4 8. h3 Bb4+ 9. Bd2 Nxd2 10. Nbxd2 Bxf3
11. gxf3 dxc4 12. O-O-O c3 13. Qb5+ Nc6 14. bxc3 Bxc3 15. Ne4 Qxd1+ 16. Kxd1 O-O-O+ 17. Kc1 Bxe5 18. Nc5 Bf4+ 19. Kc2 Nd4+ 20. Kb2 Nxb5
21. Bxb5 Rd5 22. Bd7+ Kb8 23. Rb1 Rxc5 24. Ka3 Rd8 25. Re1 a6 26. Ba4 Rd3+ 27. Bb3 Rd4 28. Re7 Bc1#
0-1

[Event "A tournament for new players only"]
[Site "SchemingMind.com"]
[Date "2004.07.25"]
[Round "-"]
[White "AdamMorris"]
[Black "fretless"]
[Result "0-1"]
[WhiteCountry "ENG"]
[BlackCountry "NOR"]
[WhiteElo "1305"]
[WhiteRD "240"]
[BlackElo "1823"]
[BlackRD "134"]
[GameID "3070"]

1. e4 c5 2. Bc4 Nc6 3. Qh5 e6 4. Nh3 Nf6 5. Qd1 Nxe4 6. O-O d5 7. Re1 Nf6 8. Bb5 Bd7 9. d3 Bd6 10. Bg5 Qc7
11. Bf4 Bxf4 12. Nxf4 Qxf4 13. c4 Ng4 14. g3 Qxf2+
0-1

[Event "A tournament for new players only"]
[Site "SchemingMind.com"]
[Date "2004.07.25"]
[Round "-"]
[White "AdamMorris"]
[Black "lea_dc"]
[Result "0-1"]
[WhiteCountry "ENG"]
[BlackCountry "ARG"]
[WhiteElo "1167"]
[WhiteRD "131"]
[BlackElo "1553"]
[BlackRD "129"]
[GameID "3071"]

1. e4 c5 2. Nf3 Nc6 3. Bc4 d6 4. Ng5 e6 5. Qf3 Ne5 6. Qh5 Nf6 7. Qe2 Nxc4 8. Qxc4 Be7 9. f4 d5 10. exd5 exd5
11. Qb5+ Qd7 12. Qe2 O-O 13. O-O b6 14. b3 Bb7 15. Bb2 d4 16. c3 d3 17. Qe3 Rfe8 18. c4 h6 19. Nh3 Nh7 20. Qg3 Bf6
21. Bxf6 Nxf6 22. Nc3 Re7 23. Nd5 Nxd5 24. cxd5 Qxd5 25. f5 Re2 26. Rf2 Rxf2 27. Nxf2 Re8 28. f6 g6 29. Qh3= Kh7 30. Ng4 Qd4+
31. Kh1 Qxa1#
0-1

[Event "A tournament for new players only"]
[Site "SchemingMind.com"]
[Date "2004.07.25"]
[Round "-"]
[White "AdamMorris"]
[Black "willygor"]
[Result "0-1"]
[WhiteCountry "ENG"]
[BlackCountry "ARG"]
[WhiteElo "1167"]
[WhiteRD "131"]
[BlackElo "1629"]
[BlackRD "151"]
[GameID "3072"]

1. e4 e5 2. Nf3 Nc6 3. Bc4 Be7 4. c3 h6 5. Qb3 d5 6. exd5 Na5 7. Qa4+ Nc6 8. dxc6 b5 9. Qxb5 Qd6 10. Nxe5 Nf6
11. O-O O-O 12. Nxf7 Rxf7 13. Bxf7+ Kxf7 14. Na3 Kf8 15. d4 a5 16. Re1 Ba6 17. Qa4 Bd3 18. b4 Be4 19. bxa5 Bxc6 20. Nb5 Qd5
21. Re5 Qxg2#
0-1

[Event "A tournament for new players only"]
[Site "SchemingMind.com"]
[Date "2004.07.28"]
[Round "-"]
[White "Gary"]
[Black "AdamMorris"]
[Result "1-0"]
[WhiteCountry "ENG"]
[BlackCountry "ENG"]
[WhiteElo "1606"]
[WhiteRD "61"]
[BlackElo "1343"]
[BlackRD "109"]
[GameID "3073"]

1. c4 b6 2. Nf3 Ba6 3. e3 g6 4. Be2 Nf6 5. O-O Bg7 6. Nc3 c6 7. d4 Qc7 8. b3 Ng4 9. Bb2 Bb7 10. h3 Nf6
11. Rc1 O-O 12. Bd3 d6 13. e4 Re8 14. Re1 Na6 15. a3 c5 16. Nb5 Qd7 17. d5 Bh6 18. Rc2 Bf4 19. Nc3 Ng4 20. hxg4 Qxg4
21. g3 Bc8 22. Nh2 Qg5 23. Kh1 Bh3 24. Rg1 Be5= 25. f4 Bxf4 26. gxf4 Qxf4 27. Qf3 Qxf3+= 28. Nxf3 e6= 29. Ng5 Re7 30. Nxh3 exd5
31. Nxd5 Rd7 32. Nf6+ Kf8 33. Nxd7+
1-0

[Event "A tournament for new players only"]
[Site "SchemingMind.com"]
[Date "2004.07.25"]
[Round "-"]
[White "alejandro83"]
[Black "AdamMorris"]
[Result "0-1"]
[WhiteCountry "ARG"]
[BlackCountry "ENG"]
[WhiteElo "1580"]
[WhiteRD "81"]
[BlackElo "1167"]
[BlackRD "131"]
[GameID "3074"]

1. d4 d5 2. c4 c6 3. cxd5 cxd5 4. Nc3 e6 5. Bf4 Bd6 6. e3 Bxf4 7. exf4 Nc6 8. Nf3 Nf6 9. Bd3 Qd6 10. g3 Nb4
11. Bb5+ Nc6 12. Ne5 Bd7 13. O-O O-O 14. Nxd7 Nxd7 15. Qh5 Nxd4 16. Rad1 Nf6 17. Qh3 Nf3+ 18. Kg2 a6 19. Bc4 d4 20. Ne2 Qc6
21. Nxd4 Nxd4+ 22. f3 Qxc4
0-1

[Event "A tournament for new players only"]
[Site "SchemingMind.com"]
[Date "2004.07.26"]
[Round "-"]
[White "squadri"]
[Black "AdamMorris"]
[Result "1-0"]
[WhiteCountry "ARG"]
[BlackCountry "ENG"]
[WhiteElo "1921"]
[WhiteRD "108"]
[BlackElo "1343"]
[BlackRD "109"]
[GameID "3075"]

1. d4 d5 2. c4 c6 3. Nc3 dxc4 4. e4 b5 5. a4 Ba6 6. Nf3 Nf6 7. axb5 Bxb5 8. Bg5 e6 9. e5 Be7 10. exf6 Bxf6
11. Bxf6 Qxf6 12. Be2 Nd7 13. O-O O-O 14. Qc2 g6 15. Rfe1 e5 16. dxe5 Nxe5 17. Nxe5 Rab8 18. Nd7 Qh4 19. Nxf8 Rxf8 20. Nxb5 cxb5
21. Rxa7 Rd8 22. Rea1 Rd4 23. Bf3 Qf4 24. Rb7 Rd2 25. Qc3 h5 26. Ra8+
1-0

[Event "A tournament for new players only"]
[Site "SchemingMind.com"]
[Date "2004.08.15"]
[Round "-"]
[White "arifattar"]
[Black "AdamMorris"]
[Result "1-0"]
[WhiteCountry "IND"]
[BlackCountry "ENG"]
[WhiteElo "1560"]
[WhiteRD "175"]
[BlackElo "1167"]
[BlackRD "131"]
[GameID "3076"]

1. f4 d5 2. Nf3 f6 3. d3 Nh6 4. Nbd2 g6 5. e4 Bg7 6. e5 fxe5 7. Nxe5 O-O 8. d4 Rxf4 9. Ndf3 Bxe5 10. dxe5 Bg4
11. Bxf4 Qf8 12. Qxd5+ Kh8 13. Bxh6 Bxf3 14. gxf3 Qe8 15. O-O-O Nc6 16. e6 a5 17. Bb5 a4 18. Bxc6 Qc8 19. Qe5+ Kg8 20. Qg7#
1-0

[Event "A tournament for new players only"]
[Site "SchemingMind.com"]
[Date "2004.07.25"]
[Round "-"]
[White "fretless"]
[Black "AdamMorris"]
[Result "1-0"]
[WhiteCountry "NOR"]
[BlackCountry "ENG"]
[WhiteElo "1915"]
[WhiteRD "108"]
[BlackElo "1167"]
[BlackRD "131"]
[GameID "3077"]

1. Nf3 Nc6 2. e4 d6 3. d4 Bg4 4. Bb5 Qd7 5. d5 Nf6 6. dxc6 bxc6 7. Bd3 d5 8. Nbd2 Bxf3 9. Qxf3 Rd8 10. O-O h5
11. e5 Ng4 12. Bf5 e6 13. Bxg4 hxg4 14. Qxg4 Qe7 15. Nf3 d4 16. Bg5 f6 17. Nxd4 fxg5 18. Nxc6 Qc5 19. Qxe6+ Be7 20. Rad1 Rxd1
21. Rxd1 Qxc2 22. Rd8#
1-0

[Event "A tournament for new players only"]
[Site "SchemingMind.com"]
[Date "2004.07.26"]
[Round "-"]
[White "lea_dc"]
[Black "AdamMorris"]
[Result "1-0"]
[WhiteCountry "ARG"]
[BlackCountry "ENG"]
[WhiteElo "1553"]
[WhiteRD "129"]
[BlackElo "1167"]
[BlackRD "131"]
[GameID "3078"]

1. e4 e5 2. Nf3 Nf6 3. Nc3 d6 4. d4 Be7 5. dxe5 dxe5 6. Bc4 Bg4 7. Qxd8+ Bxd8 8. Nxe5 Be6 9. Bxe6 fxe6 10. Be3 O-O
11. O-O-O Na6 12. Rd2 Be7 13. Rhd1 Nc5 14. Bxc5 Bxc5 15. Nd7 Nxd7 16. Rxd7 Rxf2 17. Rxc7 Be3+ 18. Kb1 Raf8 19. a4 R8f7 20. Rd8+ Rf8
21. Rdd7 R8f7= 22. Nd1 Rxd7 23. Rxd7 Rf1 24. Ka2 h6 25. Nxe3 Rf2 26. c4 Re2 27. Rd3 Kf7= 28. Ka3 a5 29. b4 axb4+ 30. Kxb4 Rb2+
31. Rb3 Rd2 32. Kc5 Rd7 33. Ng4 Kg8 34. e5 Kf8 35. Rb6 Ke7 36. a5 Rc7+= 37. Kb5 Kd8 38. c5 Kd7 39. a6 bxa6+ 40. Rxa6 Rc8
41. c6+ Kc7 42. Ra7+ Kd8 43. Ne3 g5 44. Nc4 Rb8+ 45. Rb7 Ra8 46. Nd6 Ra1 47. Rd7#
1-0

[Event "A tournament for new players only"]
[Site "SchemingMind.com"]
[Date "2004.07.25"]
[Round "-"]
[White "willygor"]
[Black "AdamMorris"]
[Result "1-0"]
[WhiteCountry "ARG"]
[BlackCountry "ENG"]
[WhiteElo "1629"]
[WhiteRD "151"]
[BlackElo "1167"]
[BlackRD "131"]
[GameID "3079"]

1. e4 b6 2. d4 Bb7 3. Bd3 d5 4. e5 e6 5. Nf3 g6 6. Bg5 Be7 7. Be3 Nc6 8. c3 f6 9. Qd2 fxe5 10. dxe5 h6
11. Bxg6+ Kd7 12. O-O Bc5 13. Re1 a6 14. c4 Kc8 15. Bxc5 bxc5 16. cxd5 exd5 17. Nc3 Nge7 18. Bf7 d4 19. Be6+ Kb8 20. Na4 Ng6
21. Nxc5 Bc8 22. Bxc8 Qxc8 23. Qd3 Nf4 24. Qe4 Qg4 25. Nxd4 Nxd4 26. Qb7#
1-0

[Event "A tournament for new players only"]
[Site "SchemingMind.com"]
[Date "2004.07.27"]
[Round "-"]
[White "CLewis73"]
[Black "Gary"]
[Result "1-0"]
[WhiteCountry "ENG"]
[BlackCountry "ENG"]
[WhiteElo "1921"]
[WhiteRD "107"]
[BlackElo "1692"]
[BlackRD "62"]
[GameID "3098"]

1. Nf3 Nf6 2. g3 d5 3. d3 Nc6 4. Nbd2 g6 5. Bg2 Bg7 6. O-O O-O 7. e4 e5 8. c3 Bg4 9. Qe1 Qd7 10. b4 dxe4
11. dxe4 Rad8 12. a4 Qd3 13. Bb2 Bxf3 14. Nxf3 Qxe4 15. Qxe4 Nxe4 16. Rfe1 f5 17. Rad1 Rxd1 18. Rxd1 Nd6 19. b5 Na5 20. Ba3 Nac4
21. Bxd6 Nxd6 22. Ng5 e4 23. Ne6 Rf7 24. Nxg7 Kxg7 25. Bf1 Kf6 26. c4 Ke5 27. c5 Nc8 28. Rd8 Ne7 29. Rd7 Ke6 30. Rxc7 Nd5
31. Rxf7 Kxf7 32. c6 bxc6 33. bxc6
1-0

[Event "A tournament for new players only"]
[Site "SchemingMind.com"]
[Date "2004.07.27"]
[Round "-"]
[White "CLewis73"]
[Black "alejandro83"]
[Result "1-0"]
[WhiteCountry "ENG"]
[BlackCountry "ARG"]
[WhiteElo "1801"]
[WhiteRD "137"]
[BlackElo "1580"]
[BlackRD "81"]
[GameID "3099"]

1. Nf3 Nf6 2. g3 c6 3. Bg2 d5 4. d3 g6 5. O-O Bg7 6. Nbd2 O-O 7. e4 Nbd7 8. c3 Qc7 9. Re1 dxe4 10. dxe4 Ne5
11. Qc2 Be6 12. Nxe5 Qxe5 13. Nf3 Qc7 14. Bf4 Qb6 15. Ng5 Bd7 16. Rad1 Rad8 17. e5 Nh5 18. Be3 c5 19. Rxd7 Rxd7 20. g4 Bxe5
21. gxh5 gxh5 22. Qxh7#
1-0

[Event "A tournament for new players only"]
[Site "SchemingMind.com"]
[Date "2004.07.27"]
[Round "-"]
[White "CLewis73"]
[Black "squadri"]
[Result "1-0"]
[WhiteCountry "ENG"]
[BlackCountry "ARG"]
[WhiteElo "1880"]
[WhiteRD "118"]
[BlackElo "1931"]
[BlackRD "99"]
[GameID "3100"]

1. Nf3 d5 2. g3 c5 3. d3 Nc6 4. Nbd2 e5 5. Bg2 Nf6 6. e4 Be7 7. O-O O-O 8. c3 d4 9. cxd4 cxd4 10. Nc4 Qc7
11. a4 Be6 12. Nh4 a6 13. f4 Bxc4 14. dxc4 Bc5 15. Nf5 b5 16. axb5 axb5 17. Rxa8 Rxa8 18. cxb5 Nb4 19. Bd2 Nc2 20. Qf3 h5
21. h3 Rd8 22. Qd3 Bb6 23. Kh1 Ne3 24. Rc1 Qa7 25. fxe5 Nh7 26. Qa3 Nxg2 27. Kxg2 Qb7 28. Rc6 Rb8 29. e6 fxe6 30. Rxe6 Kh8
31. Re7 Qc8 32. Qd6 Qf8 33. Nh4
1-0

[Event "A tournament for new players only"]
[Site "SchemingMind.com"]
[Date "2004.07.27"]
[Round "-"]
[White "CLewis73"]
[Black "AdamMorris"]
[Result "1-0"]
[WhiteCountry "ENG"]
[BlackCountry "ENG"]
[WhiteElo "1801"]
[WhiteRD "137"]
[BlackElo "1167"]
[BlackRD "131"]
[GameID "3101"]

1. Nf3 g6 2. g3 Nc6 3. Bg2 Bg7 4. O-O d6 5. d3 Be6 6. Nbd2 Qc8 7. c3 Bh3 8. e4 h5 9. Bxh3 Qxh3 10. Qb3 b6
11. Ng5 Qg4 12. Qxf7+ Kd7 13. Qxg7 Nf6 14. Ndf3 h4 15. h3 hxg3 16. hxg4 Ne5 17. Nxe5+ dxe5 18. Qf7 Rh6 19. Qe6+ Ke8 20. fxg3 Nd7
21. Qg8+
1-0

[Event "A tournament for new players only"]
[Site "SchemingMind.com"]
[Date "2004.07.27"]
[Round "-"]
[White "CLewis73"]
[Black "arifattar"]
[Result "1-0"]
[WhiteCountry "ENG"]
[BlackCountry "IND"]
[WhiteElo "1880"]
[WhiteRD "118"]
[BlackElo "1386"]
[BlackRD "117"]
[GameID "3102"]

1. Nf3 Nc6 2. d4 d5 3. Bf4 Nf6 4. h3 e6 5. e3 a6 6. c3 Bd6 7. Ne5 O-O 8. Bd3 Bxe5 9. dxe5 Nd7 10. Qh5 g6
11. Qh6 Ndxe5 12. Bc2 f5 13. Bg5 Nf7 14. Bxd8 Nxh6 15. Bxc7 Bd7 16. Bh2 Na5 17. b3 Rac8 18. O-O Nc6 19. Rd1 Ne7 20. Bd6 Rce8
21. Nd2 Rf7 22. Nf3 Nc8 23. Bh2 g5 24. Ne5 Rfe7 25. Nxd7 Rxd7 26. c4 Rf8 27. cxd5 exd5 28. b4 Na7 29. a4 b6 30. Bb3 Rfd8
31. Rd2 Nf7 32. Rad1
1-0

[Event "A tournament for new players only"]
[Site "SchemingMind.com"]
[Date "2004.07.27"]
[Round "-"]
[White "CLewis73"]
[Black "fretless"]
[Result "1/2-1/2"]
[WhiteCountry "ENG"]
[BlackCountry "NOR"]
[WhiteElo "1801"]
[WhiteRD "137"]
[BlackElo "1915"]
[BlackRD "108"]
[GameID "3103"]

1. Nf3 c5 2. g3 Nc6 3. Bg2 Nf6 4. d4 d5 5. O-O e6 6. c4 Be7 7. cxd5 Nxd5 8. dxc5 O-O 9. e4 Nf6 10. Qe2 Bxc5
11. Bg5 e5 12. Rd1 Nd4 13. Nxd4 Bxd4 14. Nc3 Qb6 15. Bxf6 Qxf6 16. Nd5 Qd6 17. Rac1 Be6 18. Nc7 Rac8 19. Nb5 Qb6 20. Rxc8 Rxc8
21. Nxd4 exd4 22. b3 Rd8 23. e5 Bd7 24. Bd5 Be6 25. Bf3 Qb4 26. Qe4 Rd5 27. Qf4 Rd8=
1/2-1/2

[Event "A tournament for new players only"]
[Site "SchemingMind.com"]
[Date "2004.07.27"]
[Round "-"]
[White "CLewis73"]
[Black "lea_dc"]
[Result "1-0"]
[WhiteCountry "ENG"]
[BlackCountry "ARG"]
[WhiteElo "1801"]
[WhiteRD "137"]
[BlackElo "1553"]
[BlackRD "129"]
[GameID "3104"]

1. Nf3 Nf6 2. g3 d5 3. Bg2 c5 4. d3 Nc6 5. Nbd2 e5 6. e4 d4 7. a4 Be7 8. O-O O-O 9. Nc4 Be6 10. Ncxe5 Nxe5
11. Nxe5 Qc7 12. f4 Rad8 13. g4 Nd7 14. Nxd7 Bxd7 15. f5 f6 16. Bf4 Bd6 17. Bxd6 Qxd6 18. Qe1 Rde8 19. a5 Qe5 20. Rf3 Ra8
21. Qg3 Qxg3 22. Rxg3 b6 23. e5 Rae8 24. axb6 axb6 25. Ra7 Bb5 26. Bd5+ Kh8 27. g5 fxe5 28. f6 gxf6 29. g6
1-0

[Event "A tournament for new players only"]
[Site "SchemingMind.com"]
[Date "2004.07.27"]
[Round "-"]
[White "CLewis73"]
[Black "willygor"]
[Result "1/2-1/2"]
[WhiteCountry "ENG"]
[BlackCountry "ARG"]
[WhiteElo "1801"]
[WhiteRD "137"]
[BlackElo "1629"]
[BlackRD "151"]
[GameID "3105"]

1. Nf3 Nf6 2. g3 Nc6 3. Bg2 e5 4. d3 d5 5. Bg5 Be7 6. O-O O-O 7. Bxf6 Bxf6 8. e4 Bg4 9. Nbd2 dxe4 10. dxe4 Nd4
11. c3 Nxf3+ 12. Nxf3 Qe7 13. Qc2 Rfd8 14. h3 Be6 15. b3 Rd7 16. Rad1 Rad8 17. Rxd7 Rxd7 18. Rd1 g6 19. Rd3 Bg7 20. Kh2 c6
21. Qd2 f5=
1/2-1/2

[Event "A tournament for new players only"]
[Site "SchemingMind.com"]
[Date "2004.07.28"]
[Round "-"]
[White "Gary"]
[Black "CLewis73"]
[Result "0-1"]
[WhiteCountry "ENG"]
[BlackCountry "ENG"]
[WhiteElo "1606"]
[WhiteRD "61"]
[BlackElo "1827"]
[BlackRD "133"]
[GameID "3106"]

1. c4 Nf6 2. Nf3 g6 3. d4 Bg7 4. e3 O-O 5. Bd3 d6 6. O-O c5 7. Nc3 Nbd7 8. d5 Ng4 9. Rb1 Nge5 10. Be2 Nxf3+
11. Bxf3 Ne5 12. Be2 f5 13. f4 Ng4 14. Bxg4 fxg4 15. e4 Rf7 16. Qe1 Qf8 17. b3 Bd7 18. Bb2 Rxf4 19. Qg3 Bd4+
0-1

[Event "A tournament for new players only"]
[Site "SchemingMind.com"]
[Date "2004.07.27"]
[Round "-"]
[White "alejandro83"]
[Black "CLewis73"]
[Result "0-1"]
[WhiteCountry "ARG"]
[BlackCountry "ENG"]
[WhiteElo "1580"]
[WhiteRD "81"]
[BlackElo "1801"]
[BlackRD "137"]
[GameID "3107"]

1. e4 c5 2. Nf3 d6 3. d4 cxd4 4. Nxd4 Nf6 5. Nc3 a6 6. Bg5 e6 7. f4 Be7 8. Qf3 Qc7 9. O-O-O Nbd7 10. Be2 b5
11. e5 Bb7 12. Qg3 dxe5 13. fxe5 Nd5 14. Bxe7 Kxe7 15. Qg5+ Kf8 16. Rhf1 Re8 17. Bh5 g6 18. Qh6+ Ke7 19. Qg7 Ref8 20. Ndxb5 axb5
21. Nxb5 Qxe5 22. Rde1 Qxg7
0-1